000
00275nam a2200097Ia 4500
008
200626s9999 xx 000 0 und d
020
_a
0-9623729-4-3
245
4
_a
The best of art culinaire:
_b
Issues 15-30:/
260
_a
New Jersey:
_b
Culinaire Inc.
_c
2001
300
_a
422 pages
999
_c
363899
_d
363899